[Event "N1 Reykjavik Open 2014"]
[Site "Reykjavik, Iceland"]
[Date "2014.03.08"]
[Round "6.13"]
[White "Gullaksen, Eirik"]
[Black "Molner, Mackenzie"]
[Result "1/2-1/2"]
[WhiteElo "2359"]
[BlackElo "2528"]
[LiveChessVersion "1.4.2"]

1. e4 
    {[%clk 1:30:55]}
1. ... c5 
    {[%clk 1:30:44]}
2. Nf3 
    {[%clk 1:31:17]}
2. ... d6 
    {[%clk 1:31:07]}
3. d4 
    {[%clk 1:31:32]}
3. ... cxd4 
    {[%clk 1:31:29]}
4. Qxd4 
    {[%clk 1:31:55]}
4. ... Nc6 
    {[%clk 1:31:50]}
5. Bb5 
    {[%clk 1:32:16]}
5. ... Bd7 
    {[%clk 1:32:13]}
6. Bxc6 
    {[%clk 1:32:27]}
6. ... Bxc6 
    {[%clk 1:32:33]}
7. Nc3 
    {[%clk 1:32:35]}
7. ... Nf6 
    {[%clk 1:32:39]}
8. Bg5 
    {[%clk 1:32:33]}
8. ... e6 
    {[%clk 1:32:48]}
9. O-O-O 
    {[%clk 1:30:41]}
9. ... Be7 
    {[%clk 1:32:56]}
10. Rhe1 
    {[%clk 1:30:37]}
10. ... O-O 
    {[%clk 1:31:14]}
11. e5 
    {[%clk 1:29:30]}
11. ... Nd5 
    {[%clk 1:04:53]}
12. Bxe7 
    {[%clk 1:24:10]}
12. ... Qxe7 
    {[%clk 1:04:01]}
13. Ne4 
    {[%clk 1:22:43]}
13. ... dxe5 
    {[%clk 1:03:36]}
14. Nxe5 
    {[%clk 1:22:42]}
14. ... Rfc8 
    {[%clk 0:59:54]}
15. Kb1 
    {[%clk 1:10:10]}
15. ... b5 
    {[%clk 0:58:55]}
16. Qc5 
    {[%clk 0:55:26]}
16. ... Qxc5 
    {[%clk 0:55:08]}
17. Nxc5 
    {[%clk 0:55:23]}
17. ... b4 
    {[%clk 0:52:19]}
18. Rd4 
    {[%clk 0:49:20]}
18. ... a5 
    {[%clk 0:39:05]}
19. Nxc6 
    {[%clk 0:36:05]}
19. ... Rxc6 
    {[%clk 0:39:08]}
20. Nd3 
    {[%clk 0:36:30]}
20. ... Rac8 
    {[%clk 0:38:49]}
21. Re2 
    {[%clk 0:36:49]}
21. ... Rc4 
    {[%clk 0:26:34]}
22. Rxc4 
    {[%clk 0:36:51]}
22. ... Rxc4 
    {[%clk 0:26:58]}
23. Kc1 
    {[%clk 0:33:40]}
23. ... Kf8 
    {[%clk 0:25:15]}
24. g3 
    {[%clk 0:31:23]}
24. ... Ke7 
    {[%clk 0:24:14]}
25. Ne5 
    {[%clk 0:28:01]}
25. ... Rc7 
    {[%clk 0:22:04]}
26. Re4 
    {[%clk 0:26:49]}
26. ... f6 
    {[%clk 0:15:44]}
27. Nd3 
    {[%clk 0:26:42]}
27. ... g5 
    {[%clk 0:14:07]}
28. Kd2 
    {[%clk 0:24:48]}
28. ... h5 
    {[%clk 0:11:37]}
29. Re1 
    {[%clk 0:23:23]}
29. ... Kd6 
    {[%clk 0:11:50]}
30. Ra1 
    {[%clk 0:13:57]}
30. ... Nb6 
    {[%clk 0:10:14]}
31. b3 
    {[%clk 0:12:00]}
31. ... e5 
    {[%clk 0:06:19]}
1/2-1/2

[Event "N1 Reykjavik Open 2014"]
[Site "Reykjavik, Iceland"]
[Date "2014.03.08"]
[Round "6.14"]
[White "Gretarsson, Hjorvar Steinn"]
[Black "Thorhallsson, Throstur"]
[Result "1/2-1/2"]
[WhiteElo "2511"]
[BlackElo "2435"]
[LiveChessVersion "1.4.2"]

1. d4 
    {[%clk 1:29:50]}
1. ... d5 
    {[%clk 1:28:43]}
2. c4 
    {[%clk 1:29:54]}
2. ... c6 
    {[%clk 1:28:39]}
3. Nf3 
    {[%clk 1:29:42]}
3. ... Nf6 
    {[%clk 1:28:51]}
4. e3 
    {[%clk 1:29:45]}
4. ... e6 
    {[%clk 1:28:29]}
5. b3 
    {[%clk 1:29:24]}
5. ... Nbd7 
    {[%clk 1:27:04]}
6. Bb2 
    {[%clk 1:29:48]}
6. ... Bd6 
    {[%clk 1:24:04]}
7. Bd3 
    {[%clk 1:28:23]}
7. ... Qe7 
    {[%clk 1:21:07]}
8. Ne5 
    {[%clk 1:25:30]}
8. ... Bb4+ 
    {[%clk 1:15:05]}
9. Nd2 
    {[%clk 1:22:11]}
9. ... Nxe5 
    {[%clk 1:12:37]}
10. dxe5 
    {[%clk 1:22:31]}
10. ... Nd7 
    {[%clk 1:12:38]}
11. O-O 
    {[%clk 1:20:18]}
11. ... Ba3 
    {[%clk 1:10:29]}
12. Bxa3 
    {[%clk 1:18:19]}
12. ... Qxa3 
    {[%clk 1:10:56]}
13. f4 
    {[%clk 1:16:35]}
13. ... b6 
    {[%clk 1:08:01]}
14. Nf3 
    {[%clk 1:11:22]}
14. ... Nc5 
    {[%clk 0:54:29]}
15. Be2 
    {[%clk 0:59:49]}
15. ... Ba6 
    {[%clk 0:51:54]}
16. Qc2 
    {[%clk 0:50:50]}
16. ... Rc8 
    {[%clk 0:45:47]}
17. f5 
    {[%clk 0:46:57]}
17. ... exf5 
    {[%clk 0:34:08]}
18. Qxf5 
    {[%clk 0:44:21]}
18. ... Rc7 
    {[%clk 0:34:25]}
19. Ng5 
    {[%clk 0:25:00]}
19. ... Bc8 
    {[%clk 0:29:19]}
20. Qf3 
    {[%clk 0:25:08]}
20. ... Ne6 
    {[%clk 0:26:12]}
21. Nxe6 
    {[%clk 0:21:52]}
21. ... Bxe6 
    {[%clk 0:25:53]}
22. cxd5 
    {[%clk 0:22:15]}
22. ... Bxd5 
    {[%clk 0:24:05]}
23. Qg3 
    {[%clk 0:22:29]}
23. ... O-O 
    {[%clk 0:22:36]}
24. Bd3 
    {[%clk 0:22:09]}
24. ... Re7 
    {[%clk 0:19:31]}
25. Rf5 
    {[%clk 0:13:58]}
25. ... g6 
    {[%clk 0:16:42]}
26. Raf1 
    {[%clk 0:11:50]}
26. ... Qxa2 
    {[%clk 0:13:50]}
27. e4 
    {[%clk 0:10:44]}
27. ... Bxb3 
    {[%clk 0:11:14]}
28. Rh5 
    {[%clk 0:09:49]}
28. ... Qd2 
    {[%clk 0:09:58]}
29. Qh4 
    {[%clk 0:08:32]}
29. ... f6 
    {[%clk 0:05:11]}
30. Qg3 
    {[%clk 0:05:51]}
30. ... fxe5 
    {[%clk 0:04:54]}
31. Rhf5 
    {[%clk 0:05:47]}
31. ... Rxf5 
    {[%clk 0:03:46]}
32. exf5 
    {[%clk 0:06:09]}
32. ... Rf7 
    {[%clk 0:03:31]}
33. fxg6 
    {[%clk 0:05:54]}
33. ... Rxf1+ 
    {[%clk 0:02:45]}
34. Bxf1 
    {[%clk 0:06:11]}
34. ... Qd4+ 
    {[%clk 0:02:32]}
35. Kh1 
    {[%clk 0:06:35]}
35. ... Qd1 
    {[%clk 0:01:55]}
36. Kg1 
    {[%clk 0:06:27]}
36. ... Qd4+ 
    {[%clk 0:01:58]}
37. Kh1 
    {[%clk 0:06:52]}
37. ... Qd1 
    {[%clk 0:02:26]}
38. Kg1 
    {[%clk 0:07:09]}
38. ... b5 
    {[%clk 0:01:13]}
39. gxh7+ 
    {[%clk 0:05:18]}
39. ... Kxh7 
    {[%clk 0:01:41]}
40. Qxe5 
    {[%clk 0:35:19]}
40. ... Bc4 
    {[%clk 0:31:51]}
41. Qc7+ 
    {[%clk 0:32:21]}
41. ... Kg8 
    {[%clk 0:28:35]}
42. Qc8+ 
    {[%clk 0:31:42]}
42. ... Kf7 
    {[%clk 0:28:21]}
43. Qc7+ 
    {[%clk 0:31:41]}
43. ... Kf8 
    {[%clk 0:27:07]}
44. Qc8+ 
    {[%clk 0:30:48]}
44. ... Ke7 
    {[%clk 0:27:19]}
45. Qc7+ 
    {[%clk 0:31:08]}
45. ... Kf8 
    {[%clk 0:19:51]}
46. Qc8+ 
    {[%clk 0:30:42]}
46. ... Kg7 
    {[%clk 0:20:11]}
47. Qc7+ 
    {[%clk 0:30:47]}
47. ... Bf7 
    {[%clk 0:19:58]}
48. Qe5+ 
    {[%clk 0:30:37]}
48. ... Kg8 
    {[%clk 0:17:32]}
49. Qb8+ 
    {[%clk 0:30:54]}
49. ... Kg7 
    {[%clk 0:16:05]}
50. Qe5+ 
    {[%clk 0:31:15]}
50. ... Kh7 
    {[%clk 0:14:31]}
51. Qf5+ 
    {[%clk 0:28:27]}
51. ... Kg7 
    {[%clk 0:10:25]}
1/2-1/2

[Event "N1 Reykjavik Open 2014"]
[Site "Reykjavik, Iceland"]
[Date "2014.03.08"]
[Round "6.15"]
[White "Kristjansson, Stefan"]
[Black "Bekker-Jensen, Simon"]
[Result "0-1"]
[WhiteElo "2503"]
[BlackElo "2418"]
[LiveChessVersion "1.4.2"]

1. e4 e5 2. Nf3 Nc6 3. Bc4 Bc5 4. c3 Nf6 5. d3 O-O 6. O-O d5 7. exd5 Nxd5 
8. Re1 Bg4 9. Nbd2 Nb6 10. Bb5 Bd6 11. Bxc6 bxc6 12. h3 Bh5 13. Ne4 f5 14.
 Ng3 Bxf3 15. Qxf3 Qd7 16. c4 Rae8 17. b3 Bc5 18. Re2 e4 19. dxe4 fxe4 20.
 Qg4 Bxf2+ 21. Kh2 Bd4 22. Bb2 Bxb2 23. Rxb2 Qd4 24. Rab1 Nd7 25. Re2 Nf6 
26. Qg5 Qe5 27. Qxe5 Rxe5 28. Rd1 h5 29. Nf1 Ne8 30. Ne3 Nd6 31. Nc2 h4 
32. Nb4 c5 33. Nc6 Re6 34. Nxa7 Nf5 35. Nb5 Ng3 36. Nxc7 Re5 37. Ree1 e3 
38. Nd5 e2 39. Ra1 Rf1 40. a4 Kh7 41. a5 Ref5 42. Ne3 Rxe1 43. Rxe1 Nf1+ 
44. Kg1 Nxe3 0-1

[Event "N1 Reykjavik Open 2014"]
[Site "Reykjavik, Iceland"]
[Date "2014.03.08"]
[Round "6.16"]
[White "Antal, Tibor Kende"]
[Black "Ramirez, Alejandro"]
[Result "0-1"]
[WhiteElo "2325"]
[BlackElo "2599"]
[LiveChessVersion "1.4.2"]

1. e4 
    {[%clk 1:30:57]}
1. ... c5 
    {[%clk 1:28:37]}
2. Nf3 
    {[%clk 1:31:23]}
2. ... e6 
    {[%clk 1:29:04]}
3. d4 
    {[%clk 1:31:50]}
3. ... cxd4 
    {[%clk 1:29:30]}
4. Nxd4 
    {[%clk 1:32:18]}
4. ... Nc6 
    {[%clk 1:29:54]}
5. Nc3 
    {[%clk 1:32:43]}
5. ... Qc7 
    {[%clk 1:30:21]}
6. f4 
    {[%clk 1:31:31]}
6. ... a6 
    {[%clk 1:25:51]}
7. Be3 
    {[%clk 1:29:43]}
7. ... b5 
    {[%clk 1:25:17]}
8. Qf3 
    {[%clk 1:25:03]}
8. ... Bb7 
    {[%clk 1:18:35]}
9. O-O-O 
    {[%clk 1:20:28]}
9. ... Na5 
    {[%clk 1:05:29]}
10. Kb1 
    {[%clk 1:14:30]}
10. ... Nc4 
    {[%clk 0:55:13]}
11. Bxc4 
    {[%clk 1:12:13]}
11. ... Qxc4 
    {[%clk 0:55:14]}
12. g4 
    {[%clk 1:08:27]}
12. ... Nf6 
    {[%clk 0:40:51]}
13. g5 
    {[%clk 1:04:14]}
13. ... b4 
    {[%clk 0:40:55]}
14. gxf6 
    {[%clk 0:48:36]}
14. ... bxc3 
    {[%clk 0:41:00]}
15. fxg7 
    {[%clk 0:24:21]}
15. ... Bxg7 
    {[%clk 0:40:16]}
16. Rhg1 
    {[%clk 0:23:24]}
16. ... Bf6 
    {[%clk 0:38:50]}
17. Rd3 
    {[%clk 0:15:22]}
17. ... cxb2 
    {[%clk 0:34:47]}
18. Bf2 
    {[%clk 0:14:54]}
18. ... Rc8 
    {[%clk 0:33:29]}
19. Qe2 
    {[%clk 0:14:46]}
19. ... a5 
    {[%clk 0:32:20]}
20. e5 
    {[%clk 0:11:34]}
20. ... Be7 
    {[%clk 0:32:03]}
21. Rdg3 
    {[%clk 0:10:56]}
21. ... Qxe2 
    {[%clk 0:28:42]}
22. Rg8+ 
    {[%clk 0:11:20]}
22. ... Rxg8 
    {[%clk 0:29:02]}
23. Rxg8+ 
    {[%clk 0:11:47]}
23. ... Bf8 
    {[%clk 0:29:12]}
24. Nxe2 
    {[%clk 0:12:15]}
24. ... Be4 
    {[%clk 0:27:17]}
25. Nd4 
    {[%clk 0:11:36]}
25. ... f6 
    {[%clk 0:25:30]}
26. Rg3 
    {[%clk 0:09:11]}
26. ... a4 
    {[%clk 0:21:15]}
27. Kxb2 
    {[%clk 0:08:14]}
27. ... Kf7 
    {[%clk 0:20:19]}
28. a3 
    {[%clk 0:05:44]}
28. ... Bh6 
    {[%clk 0:18:22]}
29. Be3 
    {[%clk 0:05:35]}
29. ... Bg7 
    {[%clk 0:18:27]}
30. exf6 
    {[%clk 0:02:36]}
30. ... Bxf6 
    {[%clk 0:18:46]}
31. c3 
    {[%clk 0:02:44]}
31. ... Rb8+ 
    {[%clk 0:18:52]}
32. Ka2 
    {[%clk 0:03:05]}
32. ... Be7 
    {[%clk 0:19:08]}
33. Bc1 
    {[%clk 0:02:59]}
33. ... Rb1 
    {[%clk 0:18:27]}
34. Rg1 
    {[%clk 0:02:59]}
34. ... Rb8 
    {[%clk 0:15:16]}
35. Re1 
    {[%clk 0:01:49]}
35. ... Bd5+ 
    {[%clk 0:15:33]}
36. Ka1 
    {[%clk 0:02:18]}
36. ... Rg8 
    {[%clk 0:15:18]}
37. f5 
    {[%clk 0:02:19]}
37. ... Bd6 
    {[%clk 0:14:01]}
38. fxe6+ 
    {[%clk 0:02:30]}
38. ... dxe6 
    {[%clk 0:14:29]}
39. h4 
    {[%clk 0:02:17]}
39. ... Rg3 
    {[%clk 0:09:41]}
40. Kb2 
    {[%clk 0:32:00]}
40. ... Rh3 
    {[%clk 0:33:14]}
41. Bg5 
    {[%clk 0:29:42]}
41. ... Bc4 
    {[%clk 0:31:13]}
42. Rd1 
    {[%clk 0:24:51]}
42. ... Bg3 
    {[%clk 0:27:00]}
43. Nf3 
    {[%clk 0:21:33]}
43. ... Bd5 
    {[%clk 0:24:28]}
44. Rd3 
    {[%clk 0:20:43]}
44. ... Rh1 
    {[%clk 0:23:45]}
45. Bd8 
    {[%clk 0:15:39]}
45. ... Kg6 
    {[%clk 0:23:13]}
46. c4 
    {[%clk 0:12:32]}
46. ... Bxf3 
    {[%clk 0:14:44]}
47. Rxf3 
    {[%clk 0:12:53]}
47. ... Rh2+ 
    {[%clk 0:14:42]}
48. Kc3 
    {[%clk 0:11:08]}
48. ... Be1+ 
    {[%clk 0:11:05]}
49. Kd4 
    {[%clk 0:11:34]}
49. ... Rd2+ 
    {[%clk 0:10:10]}
50. Rd3 
    {[%clk 0:12:02]}
50. ... e5+ 
    {[%clk 0:09:36]}
51. Ke4 
    {[%clk 0:11:28]}
51. ... Re2+ 
    {[%clk 0:08:58]}
52. Kf3 
    {[%clk 0:07:28]}
52. ... Rc2 
    {[%clk 0:08:50]}
53. Re3 
    {[%clk 0:07:44]}
53. ... Bc3 
    {[%clk 0:08:24]}
54. Ke4 
    {[%clk 0:06:28]}
54. ... Bb2 
    {[%clk 0:08:31]}
55. h5+ 
    {[%clk 0:02:32]}
55. ... Kf7 
    {[%clk 0:07:52]}
56. Bb6 
    {[%clk 0:00:55]}
56. ... Rxc4+ 
    {[%clk 0:07:38]}
57. Kd5 
    {[%clk 0:01:21]}
57. ... Rh4 
    {[%clk 0:06:52]}
58. Bc5 
    {[%clk 0:01:36]}
58. ... Kf6 
    {[%clk 0:03:38]}
59. Re2 
    {[%clk 0:00:39]}
59. ... Bd4 
    {[%clk 0:03:24]}
60. Bd6 
    {[%clk 0:00:34]}
60. ... Rxh5 
    {[%clk 0:03:23]}
61. Kc4 
    {[%clk 0:01:01]}
61. ... Ke6 
    {[%clk 0:02:26]}
62. Bb4 
    {[%clk 0:01:19]}
62. ... Rh4 
    {[%clk 0:02:13]}
63. Kb5 
    {[%clk 0:01:45]}
63. ... Kd5 
    {[%clk 0:02:00]}
64. Kxa4 
    {[%clk 0:02:12]}
64. ... Bc3 
    {[%clk 0:01:44]}
65. Ka5 
    {[%clk 0:02:24]}
65. ... Rh3 
    {[%clk 0:01:17]}
66. Bxc3 
    {[%clk 0:01:29]}
66. ... Rxc3 
    {[%clk 0:01:46]}
67. Kb4 
    {[%clk 0:01:58]}
67. ... Rc4+ 
    {[%clk 0:01:22]}
68. Kb5 
    {[%clk 0:02:24]}
68. ... Rc5+ 
    {[%clk 0:01:45]}
69. Kb6 
    {[%clk 0:02:12]}
69. ... Rc6+ 
    {[%clk 0:02:09]}
70. Kb5 
    {[%clk 0:02:28]}
70. ... Rc8 
    {[%clk 0:01:40]}
71. a4 
    {[%clk 0:00:48]}
71. ... Rb8+ 
    {[%clk 0:01:41]}
72. Ka6 
    {[%clk 0:01:09]}
72. ... Ra8+ 
    {[%clk 0:02:06]}
73. Kb5 
    {[%clk 0:01:35]}
73. ... Rb8+ 
    {[%clk 0:02:33]}
74. Ka6 
    {[%clk 0:02:02]}
74. ... e4 
    {[%clk 0:02:29]}
75. Rh2 
    {[%clk 0:02:05]}
75. ... Rh8 
    {[%clk 0:02:15]}
76. a5 
    {[%clk 0:00:47]}
76. ... e3 
    {[%clk 0:02:35]}
77. Kb6 
    {[%clk 0:00:40]}
77. ... Kd4 
    {[%clk 0:02:56]}
78. a6 
    {[%clk 0:00:41]}
78. ... Kd3 
    {[%clk 0:03:23]}
79. a7 
    {[%clk 0:00:34]}
79. ... e2 
    {[%clk 0:03:38]}
80. Rxh7 
    {[%clk 0:00:33]}
80. ... Rxh7 
    {[%clk 0:02:42]}
81. a8=Q 
    {[%clk 0:00:58]}
81. ... Rh6+ 
    {[%clk 0:02:18]}
82. Kc5 
    {[%clk 0:01:01]}
82. ... e1=Q 
    {[%clk 0:02:02]}
83. Qd5+ 
    {[%clk 0:00:46]}
83. ... Ke2 
    {[%clk 0:01:58]}
84. Qc4+ 
    {[%clk 0:00:36]}
84. ... Ke3 
    {[%clk 0:01:15]}
85. Qb3+ 
    {[%clk 0:00:35]}
85. ... Kf4 
    {[%clk 0:01:28]}
86. Qf7+ 
    {[%clk 0:00:35]}
86. ... Kg5 
    {[%clk 0:01:42]}
87. Qd5+ 
    {[%clk 0:00:42]}
87. ... Kf6 
    {[%clk 0:01:33]}
88. Qf3+ 
    {[%clk 0:01:03]}
88. ... Kg7 
    {[%clk 0:01:48]}
89. Qb7+ 
    {[%clk 0:00:43]}
89. ... Kf8 
    {[%clk 0:02:02]}
90. Qf3+ 
    {[%clk 0:01:01]}
90. ... Ke8 
    {[%clk 0:02:20]}
91. Qa8+ 
    {[%clk 0:01:20]}
91. ... Kf7 
    {[%clk 0:02:47]}
92. Qf3+ 
    {[%clk 0:01:25]}
92. ... Rf6 
    {[%clk 0:03:06]}
93. Qh5+ 
    {[%clk 0:01:41]}
93. ... Kg7 
    {[%clk 0:03:21]}
94. Qg4+ 
    {[%clk 0:02:02]}
94. ... Kf8 
    {[%clk 0:03:42]}
95. Kd4 0-1

[Event "N1 Reykjavik Open 2014"]
[Site "Reykjavik, Iceland"]
[Date "2014.03.08"]
[Round "6.17"]
[White "Hauge, Lars Oskar"]
[Black "Pavlovic, Milos"]
[Result "1/2-1/2"]
[WhiteElo "2308"]
[BlackElo "2506"]
[LiveChessVersion "1.4.2"]

1. e4 
    {[%clk 1:30:57]}
1. ... c6 
    {[%clk 1:30:54]}
2. d4 
    {[%clk 1:31:19]}
2. ... d5 
    {[%clk 1:31:17]}
3. e5 
    {[%clk 1:31:45]}
3. ... Na6 
    {[%clk 1:31:34]}
4. Nf3 
    {[%clk 1:28:14]}
4. ... g6 
    {[%clk 1:29:40]}
5. Be2 
    {[%clk 1:25:57]}
5. ... Bg7 
    {[%clk 1:30:00]}
6. O-O 
    {[%clk 1:19:49]}
6. ... Nc7 
    {[%clk 1:30:27]}
7. h3 
    {[%clk 1:17:37]}
7. ... Nh6 
    {[%clk 1:30:30]}
8. Bf4 
    {[%clk 1:15:43]}
8. ... f6 
    {[%clk 1:30:19]}
9. c4 
    {[%clk 1:13:30]}
9. ... Ne6 
    {[%clk 1:18:45]}
10. Bh2 
    {[%clk 1:13:13]}
10. ... O-O 
    {[%clk 1:16:04]}
11. Nc3 
    {[%clk 1:09:12]}
11. ... fxe5 
    {[%clk 1:06:53]}
12. Bxe5 
    {[%clk 1:08:27]}
12. ... Bxe5 
    {[%clk 1:07:09]}
13. Nxe5 
    {[%clk 1:08:26]}
13. ... Nf5 
    {[%clk 1:06:46]}
14. cxd5 
    {[%clk 1:07:17]}
14. ... cxd5 
    {[%clk 1:03:48]}
15. Bf3 
    {[%clk 1:05:42]}
15. ... Nf4 
    {[%clk 0:51:30]}
16. Nd3 
    {[%clk 1:03:24]}
16. ... Nxd3 
    {[%clk 0:48:03]}
17. Qxd3 
    {[%clk 1:03:44]}
17. ... e6 
    {[%clk 0:48:26]}
18. Bg4 
    {[%clk 1:01:32]}
18. ... Bd7 
    {[%clk 0:42:41]}
19. Bxf5 
    {[%clk 1:01:48]}
19. ... Rxf5 
    {[%clk 0:43:08]}
20. Rad1 
    {[%clk 0:54:22]}
20. ... Qb6 
    {[%clk 0:43:30]}
21. Rd2 
    {[%clk 0:54:37]}
21. ... Raf8 
    {[%clk 0:33:08]}
22. Re1 
    {[%clk 0:53:57]}
22. ... Rc8 
    {[%clk 0:24:56]}
23. Qe3 
    {[%clk 0:48:44]}
23. ... Re8 
    {[%clk 0:21:30]}
24. Qg3 
    {[%clk 0:46:27]}
24. ... Rc8 
    {[%clk 0:07:02]}
25. Re5 
    {[%clk 0:44:48]}
25. ... Rxe5 
    {[%clk 0:07:26]}
26. Qxe5 
    {[%clk 0:45:10]}
26. ... Qc7 
    {[%clk 0:07:55]}
27. Qe3 
    {[%clk 0:42:39]}
27. ... Qd6 
    {[%clk 0:07:27]}
28. g3 
    {[%clk 0:42:28]}
28. ... Re8 
    {[%clk 0:05:07]}
29. Re2 
    {[%clk 0:42:02]}
29. ... a5 
    {[%clk 0:02:52]}
30. h4 
    {[%clk 0:40:31]}
30. ... Rc8 
    {[%clk 0:02:57]}
31. Kg2 
    {[%clk 0:36:49]}
31. ... Qf8 
    {[%clk 0:01:41]}
32. Nb1 
    {[%clk 0:34:21]}
32. ... Qf5 
    {[%clk 0:00:40]}
33. Nd2 
    {[%clk 0:34:06]}
33. ... Bb5 
    {[%clk 0:00:34]}
34. Re1 
    {[%clk 0:29:36]}
34. ... Rc2 
    {[%clk 0:01:03]}
35. Nf3 
    {[%clk 0:28:14]}
35. ... Bd3 
    {[%clk 0:01:07]}
36. Kg1 
    {[%clk 0:23:50]}
36. ... Rxb2 
    {[%clk 0:01:20]}
37. Ne5 
    {[%clk 0:18:52]}
37. ... Be4 
    {[%clk 0:01:17]}
38. Rc1 
    {[%clk 0:19:12]}
38. ... Qh3 
    {[%clk 0:01:11]}
39. Rc8+ 
    {[%clk 0:19:33]}
39. ... Kg7 
    {[%clk 0:01:40]}
40. Rc7+ 
    {[%clk 0:49:10]}
1/2-1/2